ბათუმის შოთა რუსთაველის სახელმწიფო უნივერსიტეტის ბიბლიოთეკა

ჩვენი სულიერების ბალავარი : (ბიბ.ჩანაწერი № 40411)

000 -ლიდერი
ფიქსირებული სიგრძის საკონტროლო ველი 01564nam a2200241Ia 4500
001 - საკონტროლო ნომერი
საკონტროლო ველი 7019
003 - საკონტროლო ნომრის იდენტიფიკატორი
საკონტროლო ველი GE_BSU
005 - ბოლო ოპერაციის თარიღი და დრო
საკონტროლო ველი 20231114112538.0
008 - ფიქსირებული სიგრძის მონაცემთა ელემენტები - ზოგადი ინფორმაცია
ფიქსირებული სიგრძის საკონტროლო ველი 181216s2013||||ge |||||||||||||| ||geo||
040 ## - კატალოგიზაციის წყარო
Transcribing agency GE_BSU
041 ## - ენის კოდი
Language code of text/sound track or separate title geo
080 ## - უნივერსალური ათობითი კლასიფიკაციის ინდექსი
Universal Decimal Classification number 378.4(479.223)(063)+94(479.223) ჩ-55
245 ## - ცნობა სათაურის შესახებ
Title ჩვენი სულიერების ბალავარი :
Remainder of title საერთაშორისო სამეცნიერო კონფერენციის მასალები V /
Statement of responsibility, etc მთ. რედ. ბიჭიკო დიასამიძე ; ტომის რედ. მანუჩარ ლორია ; სარედ. საბჭო მიტროპოლიტი ანანია (ჯაფარიძე), გურამ ლორთქიფანიძე და სხვა.
264 ## - წარმოების, გამოცემის, დისტრიბუციის და სხვა ცნობები
გამოცემის, წარმოების, დისტრიბუციის... ადგილი თბილისი :
გამოცემის, წარმოების, დისტრიბუციის... სახელწოდება უნივერსალი,
გამოცემის, წარმოების, დისტრიბუციის... თარიღი 2013.
300 ## - ფიზიკური აღწერა
Extent 365 გვ. :
Other physical details ილ. ;
Dimensions 20 სმ.
520 ## - SUMMARY, ETC.
Summary, etc რეზიუმე ინგლისურ ენაზე
653 ## - INDEX TERM--UNCONTROLLED
Uncontrolled term განათლება
653 ## - INDEX TERM--UNCONTROLLED
Uncontrolled term საერთაშორისო სამეცნიერო კონფერენციის მასალები
653 ## - INDEX TERM--UNCONTROLLED
Uncontrolled term ჩვენი სულიერების ბალავარი
700 ## - ADDED ENTRY--PERSONAL NAME
Personal name დიასამიძე, ბიჭიკო
Relator term მთავარი რედაქტორი
9 (RLIN) 20368
700 ## - ADDED ENTRY--PERSONAL NAME
Personal name ლორია, მანუჩარ
Relator term ტომის რედაქტორი
9 (RLIN) 2194
942 ## - ADDED ENTRY ELEMENTS (KOHA)
Koha item type წიგნი
Source of classification or shelving scheme
ეგზემპლარები
ჩამოწერის სტატუსი დაკარგული ეგზემპლარის სტატუსი კლასიფიკაციის წყარო ან თაროზე გაწყობის სქემა დაზიანების სტატუსი არ გაიცემა მუდმივი მდებარეობა (დაცვის ადგილი) ამჟამინდელი ადგილსამყოფელი თაროზე განთავსების ადგილი შეძენის თარიღი სრული შენახვის შიფრი შტრიხკოდი ბოლო ოპერაციის თარიღი ეგზემპლარის მიმდევრობითი ნომერი (კეტერი?) ფასის ძალაში შესვლის თარიღი ეგზემპლარის სახეობა
          ბათუმის შოთა რუსთაველის სახელმწიფო უნივერსიტეტის მთავარი ბიბლიოთეკა ბათუმის შოთა რუსთაველის სახელმწიფო უნივერსიტეტის მთავარი ბიბლიოთეკა წიგნსაცავი 2018-12-17 378.4(479.223)(063)+94(479.223) ჩ-55 23138 2018-12-17 23138 2018-12-17 წიგნი
          ბათუმის შოთა რუსთაველის სახელმწიფო უნივერსიტეტის მთავარი ბიბლიოთეკა ბათუმის შოთა რუსთაველის სახელმწიფო უნივერსიტეტის მთავარი ბიბლიოთეკა წიგნსაცავი 2018-12-17 378.4(479.223)(063)+94(479.223) ჩ-55 23139 2018-12-17 23139 2018-12-17 წიგნი